Trade Union Movement in Africa (Record no. 4081)

MARC details
000 -LEADER
fixed length control field 00322nam a22001337a 4500
008 - FIXED-LENGTH DATA ELEMENTS--GENERAL INFORMATION
fixed length control field 250703b |||||||| |||| 00| 0 eng d
020 ## - INTERNATIONAL STANDARD BOOK NUMBER
ISBN 0521257980
100 ## - MAIN ENTRY--AUTHOR
Author NIL
245 ## - TITLE STATEMENT
Title Trade Union Movement in Africa
260 ## - PUBLICATION, DISTRIBUTION, ETC. (IMPRINT)
Place of publication United States
Name of publisher C. Hurst
Date of publication 1979
300 ## - COLLATION
Pagination xiii, 248p.
942 ## - ADDED ENTRY ELEMENTS (KOHA)
Item type Books
050 ## - LIBRARY OF CONGRESS CALL NUMBER
Classification number HD6460
Item number .J36
Holdings
Source of classification or shelving scheme Not for loan Permanent location Current location Date acquired Accession No. Full call number Barcode. Koha item type
Library of Congress Classification   Samuel Ogbemudia Main Library, University of Abuja Samuel Ogbemudia Main Library, University of Abuja 07/03/2025 93/011278 HD6460.J36 2025-2809 Books